Techniky grafického umenia

Uložené v:
Podrobná bibliografia
Hlavný autor: Krejča, Aleš (Autor)
Médium: Kniha
Jazyk:Slovak
Vydavateľské údaje: Bratislava : Pallas, 1992
Vydanie:1. vyd.
Predmet:
Tagy: Pridať tag
Žiadne tagy, Buďte prvý, kto otaguje tento záznam!

MARC

LEADER 00000nam a22000003a 4500
001 stu11249
005 20150617225805.2
008 950314s1992----cs------------------slo-d
020 |a 8070950153 
040 |a STU  |b slo 
041 0 |a slo 
044 |a cs 
100 1 |a Krejča, Aleš  |4 aut 
245 1 |a Techniky grafického umenia 
250 |a 1. vyd. 
260 |a Bratislava :  |b Pallas,  |c 1992 
300 |a 199 s 
650 7 |a grafika  |2 stusub 
650 7 |a voľné výtvarné umenie  |2 stusub 
996 |b 284AU00747  |c A*1967 U  |l AAKNAR  |s A  |a 24  |w stu11249_0001 
996 |b 284AU02355  |c A*1974 U  |l AAKNAR  |s A  |a 24  |w stu11249_0002